Mistrzynie Polski w tenisie stołowym - Statystyki

Ogólne statystyki
  • Ten quiz został rozwiązany 4 razy
  • Średni wynik to 5 z 81
Statystyki odpowiedzi
ROK MISTRZYNI % Poprawnych
2022 Katarzyna Węgrzyn
67%
2023 Katarzyna Węgrzyn
67%
2018 Natalia Bajor
67%
2019 Natalia Bajor
67%
2020 Natalia Bajor
67%
2021 Natalia Bajor
67%
2014 Katarzyna Grzybowska
33%
2015 Katarzyna Grzybowska
33%
2003 Patrycja Molik
33%
1991 Agnieszka Gieraga
0%
1995 Alina Mikijaniec
0%
1996 Alina Mikijaniec
0%
1952 Amalia Klisz
0%
1993 Anna Januszyk
0%
1994 Anna Januszyk
0%
2001 Anna Januszyk
0%
1979 Anna Nowacka
0%
2013 Antonina Szymańska
0%
1957 Barbara Ratzko
0%
1961 Czesława Noworyta
0%
1963 Czesława Noworyta
0%
1964 Czesława Noworyta
0%
1965 Czesława Noworyta
0%
1972 Czesława Noworyta
0%
1973 Czesława Noworyta
0%
1974 Czesława Noworyta
0%
1953 Danuta Szmidt-Calińska
0%
1954 Danuta Szmidt-Calińska
0%
1956 Danuta Szmidt-Calińska
0%
1960 Danuta Szmidt-Calińska
0%
1962 Danuta Szmidt-Calińska
0%
1967 Danuta Szmidt-Calińska
0%
1968 Danuta Szmidt-Calińska
0%
1969 Danuta Szmidt-Calińska
0%
1970 Danuta Szmidt-Calińska
0%
1975 Danuta Szmidt-Calińska
0%
1966 Danuta Szmidt-Calińska
0%
1958 Magdalena Kucharska
0%
1937 Zofia Smętek
0%
1992 Dorota Djaczyńska-Nowacka
0%
1989 Elżbieta Gracek
0%
1990 Elżbieta Gracek
0%
1976 Ewa Olek-Późniak
0%
1982 Ewa Olek-Późniak
0%
1949 Izabela Bojanowska
0%
1950 Izabela Bojanowska
0%
1986 Jadwiga Kawałek
0%
1998 Joanna Narkiewicz
0%
2004 Joanna Narkiewicz
0%
1977 Jolanta Szatko
0%
1978 Jolanta Szatko
0%
1985 Jolanta Szatko-Nowak
0%
1987 Jolanta Szatko-Nowak
0%
1984 Katarzyna Calińska
0%
1988 Katarzyna Calińska-Tomaszewska
0%
2000 Kinga Stefańska
0%
2002 Kinga Stefańska
0%
2009 Li Qian
0%
2011 Li Qian
0%
2012 Li Qian
0%
2016 Li Qian
0%
2017 Li Qian
0%
1959 Magdalena Kucharska
0%
1955 Magdalena Skuratowicz
0%
1983 Małgorzata Urbańska
0%
1948 Maria Glasner
0%
1971 Mirosława Butrym
0%
1938 Sztokfisz
0%
1939 Sztokfisz
0%
1946 Sztokfisz
0%
1947 Sztokfisz
0%
1951 Urszula Darówna
0%
1997 Wanda Lityńska-Sydorenko
0%
1999 Wanda Lityńska-Sydorenko
0%
1980 Weronika Sikora-Stelmach
0%
1981 Weronika Sikora-Stelmach
0%
2005 Xu Jie
0%
2006 Xu Jie
0%
2007 Xu Jie
0%
2008 Xu Jie
0%
2010 Xu Jie
0%
Nie znaleziono quizów pasujących do podanych kryteriów
Rozkład punktacji
Procent ludzi z każdym wynikiem
Percentyl według liczby udzielonych odpowiedzi
Twoja historia wyników
Nie rozwiązałeś tego quizu